| 000 | 00810cam a2200241 a 4500 | ||
|---|---|---|---|
| 001 | 14852881 | ||
| 005 | 20241106163210.0 | ||
| 008 | 070516s2008 nyua 001 0 eng | ||
| 020 | _a9781418001032 | ||
| 020 | _a9781418001032 (alk. paper) | ||
| 050 | 0 | 0 |
_aQA76.575 _b.V528 2008 |
| 082 | 0 | 0 |
_a006.7 _222 |
| 100 | 1 | _aVillalobos, Ray. | |
| 245 | 1 | 0 |
_aExploring multimedia for designers / _cRay Villalobos. |
| 260 |
_aClifton Park, NY : _bDelmar Cengage Learning, _cc2008. |
||
| 300 |
_axv, 286 p. : _bill. (chiefly col.) ; _c26 cm. + _e1 CD-ROM (4 3/4 in.). |
||
| 440 | 0 | _aDesign exploration series | |
| 500 | _aIncludes index. | ||
| 650 | 0 | _aMultimedia systems. | |
| 650 | 0 | _aDigital media. | |
| 856 | 4 | 1 |
_3Table of contents only _uhttp://www.loc.gov/catdir/toc/ecip0718/2007020853.html |
| 942 |
_2lcc _cBK _n0 |
||
| 999 |
_c729 _d729 |
||